| 000 | 00343cam a22001097a 4500 | ||
|---|---|---|---|
| 008 | 180718b1972 xxu||||| |||| 00| 0 eng d | ||
| 082 | _aT000x54 69-74APP/Sum | ||
| 245 |
_aFourth plan : mid- term appraisal : a summary _cby Planning Department |
||
| 260 |
_aDelhi _bThe Bengal Press _c1972 |
||
| 300 | _a142p. | ||
| 700 | _aIndia. Planning Department | ||
| 999 |
_c496700 _d496700 |
||